| 000 | 00334cam a22001097a 4500 | ||
|---|---|---|---|
| 008 | 180718b1985 xxu||||| |||| 00| 0 eng d | ||
| 082 | _aA75 Ut8GOR | ||
| 245 |
_aUttar Pradesh district gazetteers: Gorakhpur _cedited by Om Prakash |
||
| 260 |
_aLucknow _bDepartment of District Gazetteers _c1985 |
||
| 300 | _a334+p. | ||
| 700 | _aOm Prakash | ||
| 999 |
_c486978 _d486978 |
||